The Bible of the beasts of the little field : poems /

Bibliographic Details
Main Author: Schaeffer, Susan Fromberg
Format: Book
Language:English
Published: New York : Dutton, [1980]
Edition:1st ed.

MARC

Tag First Indicator Second Indicator Subfields
LEADER 00000cam a2200000 i 4500
001 in00000060124
005 20151008051602.0
008 800128s1980 nyu 00010 eng
010 |a  79054204  
020 |a 0525066454 :  |c $10.95 
020 |a 0525476237 (pbk.) :  |c $5.95 
035 |a (OCoLC)06015948 
035 |9 AAG8816AM 
040 |a DLC  |c DLC  |d TXA  |d UtOrBLW 
049 |a TXAM  |c [981044] 
050 0 0 |a PS3569.C35  |b B5 
082 0 |a 811/.54 
100 1 |a Schaeffer, Susan Fromberg. 
245 1 4 |a The Bible of the beasts of the little field :  |b poems /  |c by Susan Fromberg Schaeffer. 
250 |a 1st ed. 
264 1 |a New York :  |b Dutton,  |c [1980] 
264 4 |c ©1980 
300 |a 120 pages ;  |c 22 cm. 
336 |a text  |b txt  |2 rdacontent 
337 |a unmediated  |b n  |2 rdamedia 
338 |a volume  |b nc  |2 rdacarrier 
999 |a MARS 
999 f f |s e0b9d6f0-f4da-3501-8892-e63551d046bb  |i 0c2e11b1-0eca-3f97-905b-250a65f580b7  |t 0 
952 f f |p ric  |a Texas A&M University  |b Rellis Campus  |c Joint Library Facility  |d Remote Storage  |t 0  |e PS3569.C35 B5  |h Library of Congress classification  |i unmediated -- volume  |m A14804131486 
998 f f |a PS3569.C35 B5  |t 0  |l Remote Storage